000 00746cam a2200133 4500500
005 20260329043124.0
041 _afre
042 _adc
100 1 0 _aLavisse, Ernest
_eauthor
245 0 0 _aHistoire de France - Cours moyen : Cours moyen
260 _bArmand Colin,
_c2021.
520 _aDe l’histoire de la Gaule à la fin de la Première Guerre mondiale, voici l’Histoire de France pour le cours moyen rédigé par Ernest Lavisse. L’ouvrage a été publié en 1922. Nous republions ce titre en ouvrage « collector » agrémenté d’une préface d’Olivier Loubes propre à recontextualiser son contenu.
856 4 1 _uhttps://shs.cairn.info/histoire-de-france-cours-moyen--9782200629472?lang=fr&redirect-ssocas=7080
999 _c1983163
_d1983164